01390nam a2200217Ia 4500008004100000040001800041041002600059245002700085246002200112260005800134300002200192500004400214508009900258511026700357520036100624546011100985650002001096650002001116650002101136765001501157130821s1940 xxua gs mul  aCo-BoUCMbspa00aspa°aeng°apor°afre00aHis girl fridayc[DVD] aLuna nuevah[DVD] aWashington D.C. (Estados Unidos)bSony Picturesc1940 a1 DVDbson. color aNo fué posible obtener copia del DVD. aDirección : Howard Hawks ; guión : Charles Lederer (Remake: Ben Hecht & Charles MacArthur) aCary Grant, Rosalind Russell, Ralph Bellamy, Gene Lockhart, Porter Hall, Ernest Truex, Cliff Edwards, Clarence Kolb, Roscoe Karns, Frank Jenks, Regis Toomey, Abner Biberman, Frank Orth, John Qualen, Helen Mack, Alma Kruger, Billy Gilbert, Pat West, Edwin Maxwell aSINOPSIS: Cuando Hildy Johnson, la mejor reportera del Morning Post, anuncia que va a dejar el periodismo para dedicarse a las labores del hogar junto a su estirado prometido, Walter Burns, editor del periódico y ex-marido de Hildy, utiliza todos los medios a su alcance para retenerla en el periódico y, de paso, para volver a conquistar su corazón. aAudio en alemán, inglés, español, italiano ; subtítulos en alemán, inglés, español, italiano04aEntretenimiento04aPeriodismovDVD04aPeriodistasvDVD aLuna nueva